| 000 | 00412nam a2200133Ia 4500 | ||
|---|---|---|---|
| 008 | 151015s9999 xx 000 0 und d | ||
| 020 | _a850036887 | ||
| 050 | _aHV 438 .S84 2003 | ||
| 250 | _a_Fighting Poverty in Africa Are PRSPs Making a Difference? / edited by David Booth | ||
| 300 | _aLondon : ODI, 2003 | ||
| 500 | _aIncludes index | ||
| 650 | _a_Poverty in Africa | ||
| 700 | _a^d20120113 11:03:12^oanne | ||
| 999 |
_c3125 _d3125 |
||